| 000 | 00653nam a2200193Ia 4500 | ||
|---|---|---|---|
| 003 | GCL | ||
| 008 | 140319s9999 xx 000 0 ara d | ||
| 040 |
_aGCL / _cGCL |
||
| 082 | 0 | 4 |
_a910.02 _bح ج |
| 100 | 1 | _aحسن سيد احمد ابو العينين | |
| 245 | 1 | 0 |
_aجغرافية البحار و المحيطات / _cحسن سيد احمد ابو العينين |
| 250 | _aالثامنة | ||
| 300 |
_a677 ص ؛ _c22 سم |
||
| 650 | 0 | 4 | _aالبحار والمحيطات |
| 650 | 0 | 4 | _aالجغرافيا الطبيعية البحرية |
| 650 | 0 | 4 | _aالاكتشافات تحت الماء |
| 650 | 0 | 4 | _aالبحار، علم |
| 942 |
_2ddc _cBK |
||
| 999 |
_c7872 _d7872 |
||